ბათუმის შოთა რუსთაველის სახელმწიფო უნივერსიტეტის ბიბლიოთეკა

ბრენდის უფსკრული : (ბიბ.ჩანაწერი № 63182)

000 -ლიდერი
ფიქსირებული სიგრძის საკონტროლო ველი 02263nam a22002897a 4500
003 - საკონტროლო ნომრის იდენტიფიკატორი
საკონტროლო ველი Ge_BSU
005 - ბოლო ოპერაციის თარიღი და დრო
საკონტროლო ველი 20250620111055.0
008 - ფიქსირებული სიგრძის მონაცემთა ელემენტები - ზოგადი ინფორმაცია
ფიქსირებული სიგრძის საკონტროლო ველი 250620b xxu||||| |||| 00| 0 geo d
020 ## - წიგნის საერთაშორისო სტანდარტული ნომერი
International Standard Book Number 9789941383786
041 ## - ენის კოდი
Language code of text/sound track or separate title geo
080 ## - უნივერსალური ათობითი კლასიფიკაციის ინდექსი
Universal Decimal Classification number 659.126.1 : 347.772 : 338.22 ნ-71
100 ## - მთავარი ჩანაწერი - პიროვნების სახელი
Personal name ნიუმაიერი, მარტი
9 (RLIN) 25470
245 ## - ცნობა სათაურის შესახებ
Title ბრენდის უფსკრული :
Remainder of title [როგორ შევამციროთ ბიზნესსტრატეგიასა და დიზაინს შორის არსებული მანძილი : სალექციო მიმოხილვა] /
Statement of responsibility, etc მარტი ნიუმაიერი; ინგლისურიდან თარგმნა ანა აფციაურმა; კონულტანტები: ალექსი ჩიქოვანი, შოთა ჩინჩალაძე; სარედაქციო ჯგუფი: ზურაბ აბაშიძე, თამარ ჯანთიშვილი, სვეტა კვარაცხელია [და სხვა].
264 ## - წარმოების, გამოცემის, დისტრიბუციის და სხვა ცნობები
გამოცემის, წარმოების, დისტრიბუციის... ადგილი თბილისი :
გამოცემის, წარმოების, დისტრიბუციის... სახელწოდება პალიტრა L,
გამოცემის, წარმოების, დისტრიბუციის... თარიღი 2024.
300 ## - ფიზიკური აღწერა
Extent 214 გვ. ;
Other physical details 21 სმ.
490 ## - სერიის ცნობა
Series statement ლურჯი ოკეანე
500 ## - ზოგადი შენიშვნა
General note გარეკანი ქართულ და ინგლისურ ენებზე
653 ## - INDEX TERM--UNCONTROLLED
Uncontrolled term ბრენდის შექმნა
653 ## - INDEX TERM--UNCONTROLLED
Uncontrolled term ბიზნესი
700 ## - ADDED ENTRY--PERSONAL NAME
Personal name აფციაური, ანა
Relator term მთარგმნელი
9 (RLIN) 16154
700 ## - ADDED ENTRY--PERSONAL NAME
Personal name აბაშიძე, ზურაბ
Relator term რედაქტორი
9 (RLIN) 1322
700 ## - ADDED ENTRY--PERSONAL NAME
Personal name ჩიქოვანი, ალექსი
Relator term კონსულტანტი, წინასიტყვაობის ავტორი
9 (RLIN) 25471
700 ## - ADDED ENTRY--PERSONAL NAME
Personal name ჩინჩალაძე, შოთა
Relator term კონსულტანტი, წინასიტყვაობის ავტორი
9 (RLIN) 25472
700 ## - ADDED ENTRY--PERSONAL NAME
Personal name ჯანთიშვილი, თამარ
Relator term რედაქტორი
9 (RLIN) 25473
700 ## - ADDED ENTRY--PERSONAL NAME
Personal name კვარაცხელია, სვეტა და სხვ.
Relator term რედაქტორი
9 (RLIN) 25474
942 ## - ADDED ENTRY ELEMENTS (KOHA)
Source of classification or shelving scheme
Koha item type წიგნი
ეგზემპლარები
ჩამოწერის სტატუსი დაკარგული ეგზემპლარის სტატუსი კლასიფიკაციის წყარო ან თაროზე გაწყობის სქემა დაზიანების სტატუსი არ გაიცემა მუდმივი მდებარეობა (დაცვის ადგილი) ამჟამინდელი ადგილსამყოფელი თაროზე განთავსების ადგილი შეძენის თარიღი ღირებულება, შესყიდვის ნორმალური ფასი სრული შენახვის შიფრი შტრიხკოდი ბოლო ოპერაციის თარიღი ეგზემპლარის მიმდევრობითი ნომერი (კეტერი?) ფასის ძალაში შესვლის თარიღი ეგზემპლარის სახეობა საჯარო შენიშვნა
          ბათუმის შოთა რუსთაველის სახელმწიფო უნივერსიტეტის მთავარი ბიბლიოთეკა ბათუმის შოთა რუსთაველის სახელმწიფო უნივერსიტეტის მთავარი ბიბლიოთეკა წიგნსაცავი 2025-06-20 15.30 659.126.1 : 347.772 : 338.22 ნ-71 71904 2025-06-20 71904 2025-06-20 წიგნი 15 ლ. 30 თ.
          ბათუმის შოთა რუსთაველის სახელმწიფო უნივერსიტეტის მთავარი ბიბლიოთეკა ბათუმის შოთა რუსთაველის სახელმწიფო უნივერსიტეტის მთავარი ბიბლიოთეკა წიგნსაცავი 2025-06-20 15.30 659.126.1 : 347.772 : 338.22 ნ-71 71905 2025-06-20 71905 2025-06-20 წიგნი 15 ლ. 30 თ.
          ბათუმის შოთა რუსთაველის სახელმწიფო უნივერსიტეტის მთავარი ბიბლიოთეკა ბათუმის შოთა რუსთაველის სახელმწიფო უნივერსიტეტის მთავარი ბიბლიოთეკა წიგნსაცავი 2025-06-20 15.30 659.126.1 : 347.772 : 338.22 ნ-71 71906 2025-06-20 71906 2025-06-20 წიგნი 15 ლ. 30 თ.
          ბათუმის შოთა რუსთაველის სახელმწიფო უნივერსიტეტის მთავარი ბიბლიოთეკა ბათუმის შოთა რუსთაველის სახელმწიფო უნივერსიტეტის მთავარი ბიბლიოთეკა წიგნსაცავი 2025-06-20 15.30 659.126.1 : 347.772 : 338.22 ნ-71 71907 2025-06-20 71907 2025-06-20 წიგნი 15 ლ. 30 თ.
          ბათუმის შოთა რუსთაველის სახელმწიფო უნივერსიტეტის მთავარი ბიბლიოთეკა ბათუმის შოთა რუსთაველის სახელმწიფო უნივერსიტეტის მთავარი ბიბლიოთეკა წიგნსაცავი 2025-06-20 15.30 659.126.1 : 347.772 : 338.22 ნ-71 71908 2025-06-20 71908 2025-06-20 წიგნი 15 ლ. 30 თ.
          ბათუმის შოთა რუსთაველის სახელმწიფო უნივერსიტეტის მთავარი ბიბლიოთეკა ბათუმის შოთა რუსთაველის სახელმწიფო უნივერსიტეტის მთავარი ბიბლიოთეკა წიგნსაცავი 2025-06-20 15.30 659.126.1 : 347.772 : 338.22 ნ-71 71909 2025-06-20 71909 2025-06-20 წიგნი 15 ლ. 30 თ.
          ბათუმის შოთა რუსთაველის სახელმწიფო უნივერსიტეტის მთავარი ბიბლიოთეკა ბათუმის შოთა რუსთაველის სახელმწიფო უნივერსიტეტის მთავარი ბიბლიოთეკა წიგნსაცავი 2025-06-20 15.30 659.126.1 : 347.772 : 338.22 ნ-71 71910 2025-06-20 71910 2025-06-20 წიგნი 15 ლ. 30 თ.
          ბათუმის შოთა რუსთაველის სახელმწიფო უნივერსიტეტის მთავარი ბიბლიოთეკა ბათუმის შოთა რუსთაველის სახელმწიფო უნივერსიტეტის მთავარი ბიბლიოთეკა წიგნსაცავი 2025-06-20 15.30 659.126.1 : 347.772 : 338.22 ნ-71 71911 2025-06-20 71911 2025-06-20 წიგნი 15 ლ. 30 თ.
          ბათუმის შოთა რუსთაველის სახელმწიფო უნივერსიტეტის მთავარი ბიბლიოთეკა ბათუმის შოთა რუსთაველის სახელმწიფო უნივერსიტეტის მთავარი ბიბლიოთეკა წიგნსაცავი 2025-06-20 15.30 659.126.1 : 347.772 : 338.22 ნ-71 71912 2025-06-20 71912 2025-06-20 წიგნი 15 ლ. 30 თ.
          ბათუმის შოთა რუსთაველის სახელმწიფო უნივერსიტეტის მთავარი ბიბლიოთეკა ბათუმის შოთა რუსთაველის სახელმწიფო უნივერსიტეტის მთავარი ბიბლიოთეკა წიგნსაცავი 2025-06-20 15.30 659.126.1 : 347.772 : 338.22 ნ-71 71913 2025-06-20 71913 2025-06-20 წიგნი 15 ლ. 30 თ.